000 00271nam a22001337a 4500
008 180922b xxu||||| |||| 00| 0 eng d
020 _a9780133083880
041 _aeng
080 _a621
100 _a26
101 _aMEK
245 _aFDDI
_cShah, A
942 _2udc
_cBK
999 _c48294
_d48294